Actors who worked with David Fincher - Statistics

General Stats
  • This quiz has been taken 117 times
    103 since last reset
  • The average score is 27 of 68
Answer Stats
Films Answer % Correct
Fight Club, Se7en, The Curious Case of Benjamin Button Brad Pitt
100%
Se7en Morgan Freeman
95%
Fight Club Edward Norton
93%
Zodiac Jake Gyllenhaal
89%
The Social Network Jesse Eisenberg
88%
Zodiac Robert Downey Jr.
88%
Gone Girl Ben Affleck
86%
Se7en Kevin Spacey
84%
The Social Network Andrew Garfield
82%
The Girl with the Dragon Tattoo Daniel Craig
82%
The Curious Case of Benjamin Button Cate Blanchett
79%
Mank Gary Oldman
77%
Fight Club Helena Bonham Carter
77%
The Social Network Justin Timberlake
75%
Zodiac Mark Ruffalo
74%
The Killer Michael Fassbender
73%
Alien 3 Sigourney Weaver
73%
Se7en Gwyneth Paltrow
71%
Fight Club, Panic Room Jared Leto
68%
The Game Michael Douglas
68%
Panic Room Jodie Foster
67%
Gone Girl Rosamund Pike
66%
The Social Network, The Girl with the Dragon Tattoo Rooney Mara
63%
The Game Sean Penn
53%
Gone Girl Neil Patrick Harris
51%
Panic Room Kristen Stewart
49%
The Curious Case of Benjamin Button Jared Harris
48%
Fight Club Meat Loaf
47%
The Curious Case of Benjamin Button, The Killer Tilda Swinton
45%
Panic Room Forest Whitaker
42%
Mank Amanda Seyfried
38%
The Social Network Armie Hammer
38%
Zodiac John Carroll Lynch
32%
Gone Girl Tyler Perry
27%
Alien 3 Charles Dance
26%
The Girl with the Dragon Tattoo Christopher Plummer
26%
The Social Network Dakota Johnson
26%
The Curious Case of Benjamin Button Mahershala Ali
26%
The Curious Case of Benjamin Button Taraji P. Henson
25%
The Social Network Rashida Jones
23%
The Game Spike Jonze
23%
The Girl with the Dragon Tattoo Stellan Skarsgard
23%
Gone Girl Emily Ratajkowski
19%
Se7en R. Lee Ermey
18%
The Girl with the Dragon Tattoo Robin Wright
18%
The Social Network Max Minghella
16%
Zodiac Chloe Sevigny
15%
The Social Network Brenda Song
12%
Gone Girl Carrie Coon
12%
Alien 3 Charles S. Dutton
12%
The Curious Case of Benjamin Button Elle Fanning
11%
The Curious Case of Benjamin Button Julia Ormond
11%
The Killer Charles Parnell
10%
The Curious Case of Benjamin Button Jason Flemyng
10%
Mank Lily Collins
10%
Zodiac Anthony Edwards
8%
Mank, The Killer Arliss Howard
8%
Zodiac Brian Cox
8%
Zodiac, The Curious Case of Benjamin Button Elias Koteas
8%
The Game James Rebhorn
8%
The Social Network Joseph Mazzello
8%
Gone Girl Kim Dickens
8%
Alien 3 Lance Henriksen
8%
Fight Club, Zodiac Zach Grenier
7%
Fight Club, Se7en, Zodiac, The Curious Case of Benjamin Button Richmond Arquette
5%
The Game Deborah Kara Unger
4%
The Killer Gabriel Polanco
3%
The Killer Kerry O'Malley
3%
No matching quizzes found
Score Distribution
Percent of People with Each Score
Percentile by Number Answered
Your Score History
You have not taken this quiz since the last reset